LEADER 01316nam 2200337Ia 450 001 996390634403316 005 20221108065107.0 035 $a(CKB)1000000000656690 035 $a(EEBO)2240949205 035 $a(OCoLC)12720406 035 $a(EXLCZ)991000000000656690 100 $a19851025d1692 uy | 101 0 $aeng 135 $aurbn||||a|bb| 200 14$aThe works of Ben Jonson$b[electronic resource] $ewhich were formerly printed in two volumes, are now reprinted in one : to which is added a comedy, called The new inn : with additions never before published 210 $aLondon $cPrinted by Thomas Hodgkin for H. Herringman, E. Brewster, T. Bassett, R. Chiswell, M. Wotton, G. Conyers$d1692 215 $a[13], 744 [i.e. 742], [4] p. $cport 300 $a"An inaccurate edition"--Lowndes, Bibliographer's manual. 300 $a"Leges convivales" has special t.p. with imprint: London : Printed for T. Bassett, 1692. 300 $aReproduction of original in Huntington Library. 330 $aeebo-0113 700 $aJonson$b Ben$f1573?-1637.$0445907 701 2$aJonson$b Ben$f1573?-1637.$0445907 801 0$bEAA 801 1$bEAA 801 2$bm/c 801 2$bWaOLN 906 $aBOOK 912 $a996390634403316 996 $aThe works of Ben Jonson$92329703 997 $aUNISA LEADER 02200nam 2200565 450 001 9910705170603321 005 20180416110402.0 035 $a(CKB)5470000002447649 035 $a(OCoLC)1031374749 035 $a(EXLCZ)995470000002447649 100 $a20180416d2013 ua 0 101 0 $aeng 135 $aurcn||||||||| 181 $ctxt$2rdacontent 182 $cc$2rdamedia 183 $acr$2rdacarrier 200 00$aAbandoned Mine Lands Program: feasibility study for AML inventory validation and physical safety closures 210 1$a[Washington, D.C.] :$cU.S. Department of the Interior, Bureau of Land Management,$d2013. 215 $a1 online resource (iii, 23 pages) $ccolor illustrations 300 $a"July 2013." 300 $a"BLM/WO/GI-13/011+1637"--Page 2 of cover. 517 $aAbandoned Mine Lands Program 606 $aAbandoned mined lands reclamation$zUnited States 606 $aReclamation of land$zUnited States 606 $aCoal mines and mining$xEnvironmental aspects$zUnited States 606 $aStrip mining$xEnvironmental aspects$zUnited States 606 $aFeasibility studies 606 $aAbandoned mined lands reclamation$2fast 606 $aCoal mines and mining$xEnvironmental aspects$2fast 606 $aReclamation of land$2fast 606 $aStrip mining$xEnvironmental aspects$2fast 606 $aFeasibility studies$2fast 607 $aUnited States$2fast 615 0$aAbandoned mined lands reclamation 615 0$aReclamation of land 615 0$aCoal mines and mining$xEnvironmental aspects 615 0$aStrip mining$xEnvironmental aspects 615 0$aFeasibility studies. 615 7$aAbandoned mined lands reclamation. 615 7$aCoal mines and mining$xEnvironmental aspects. 615 7$aReclamation of land. 615 7$aStrip mining$xEnvironmental aspects. 615 7$aFeasibility studies. 712 02$aUnited States.$bBureau of Land Management, 801 0$bGPO 801 1$bGPO 906 $aBOOK 912 $a9910705170603321 996 $aAbandoned Mine Lands Program: feasibility study for AML inventory validation and physical safety closures$93257481 997 $aUNINA